Le protectionnisme avant et après Trump / (Record no. 126481)

MARC details
000 -LEADER
campo de control de longitud fija 01913nam a22002297a 4500
003 - IDENTIFICADOR DE NÚMERO DE CONTROL
campo de control BJBSDDR
005 - FECHA Y HORA DE LA ÚLTIMA TRANSACCIÓN
campo de control 20260302104118.0
007 - CAMPO FIJO DE DESCRIPCIÓN FÍSICA--INFORMACIÓN GENERAL
campo de control de longitud fija ta
008 - DATOS DE LONGITUD FIJA--INFORMACIÓN GENERAL
campo de control de longitud fija 260302s2019 fr ||||| |||| 00| 0 fre d
020 ## - NÚMERO INTERNACIONAL ESTÁNDAR DEL LIBRO
Número Internacional Estándar del Libro 9782247190614
020 ## - NÚMERO INTERNACIONAL ESTÁNDAR DEL LIBRO
Número Internacional Estándar del Libro 2247190618
040 ## - FUENTE DE CATALOGACIÓN
Lengua de catalogación spa
Centro/agencia transcriptor BJBSDDR
041 ## - CÓDIGO DE IDIOMA
Código de lengua del texto/banda sonora o título independiente fre
050 ## - SIGNATURA TOPOGRÁFICA DE LA BIBLIOTECA DEL CONGRESO
Número de ítem B773 2019
100 1# - ENTRADA PRINCIPAL--NOMBRE DE PERSONA
Nombre de persona Bourguinat, Henri
9 (RLIN) 47246
245 13 - MENCIÓN DEL TÍTULO
Título Le protectionnisme avant et après Trump /
Mención de responsabilidad, etc. Henri Bourguinat
260 ## - PUBLICACIÓN, DISTRIBUCIÓN, ETC.
Lugar de publicación, distribución, etc. Paris :
Nombre del editor, distribuidor, etc. Dalloz,
Fecha de publicación, distribución, etc. 2019
300 ## - DESCRIPCIÓN FÍSICA
Extensión 221 pages ;
Dimensiones 21 cm
520 ## - RESUMEN, ETC.
Sumario, etc. Si le terme de protection se trouve souvent bien reçu (protection de la nature, des populations fragiles, etc.), le paradigme protectionniste qui en procède directement a été "ostracisé" dans le passé récent par la grande majorité des économistes et par l'opinion. En 2016, alors que l'on pensait pouvoir donner un nouvel élan à l'échange en organisant des méga-marchés associant les États-Unis avec l'Europe ou encore l'Asie, intervint alors une surprise de taille : l'entrée dans le débat de Donald Trump, nouvellement élu à la présidence des États-Unis. C'est ainsi que débute le revirement américain en faveur du protectionnisme et, par là même, la guerre économique bilatérale États-Unis - Chine ; alors que les autres pays restent d'abord hésitants, encouragés par une habile politique d'exemptions américaine, il est cependant clair que, dès ce moment, c'est toute la structure du commerce international qui se trouve menacée. L'ironie de la période récente en ce qui concerne le seul protectionnisme vient de ce qu'on est passé d'un temps de pusillanimité excessive à celui d'un risque de protectionnisme "à tout faire" qui n'est pas moins dangereux que le précédent. Une décantation devient urgente pour, ensuite, s'attacher à combiner raisonnablement protectionnisme et échange international.
942 ## - ELEMENTOS DE ENTRADA SECUNDARIOS (KOHA)
Fuente del sistema de clasificación o colocación Clasificación de Library of Congress
Suprimir en OPAC No
Tipo de ítem Koha Libro
946 ## - PROCESAMIENTO DE INFORMACIÓN LOCAL (OCLC)
Iniciales del agente catalogador cmc
Holdings
Estatus retirado Estado de pérdida Fuente del sistema de clasificación o colocación Estado de daño No para préstamo Colección Biblioteca de origen Biblioteca actual Ubicación en estantería Fecha de adquisición Signatura topográfica completa Código de barras Visto por última vez Copia número Tipo de ítem Koha
    Clasificación de Library of Congress     Automatización y Procesos Técnicos Biblioteca Juan Bosch Biblioteca Juan Bosch Automatización y Procesos Técnicos (1er. Piso) 02/03/2026 B773 2019 00000198770 02/03/2026 1 Libro